| 000 | 00536nam a22002051a 4500 | ||
|---|---|---|---|
| 001 | 7381 | ||
| 003 | OSt | ||
| 005 | 20260204212128.0 | ||
| 008 | 071117s2001||||ag ||||||b||||||||||spa|| | ||
| 020 | _a9508921331 | ||
| 050 | _a370 S72e | ||
| 100 | _aShocron, Monica | ||
| 245 | _aEducarnos, nuevas propuestas para la educación y la convivencia / Monica Shocron y Laura Waisman | ||
| 264 | _aArgentina : Lugar | ||
| 300 | _a204 p | ||
| 500 | _aBibliografía | ||
| 650 | _aEducación | ||
| 700 | _aWaisman, LauraÌ | ||
| 942 |
_2ddc _cBK |
||
| 999 |
_c7381 _d7381 |
||